000 00560nam a2200205 a 4500
005 20210223124727.0
008 020923s2000 mx r 000 0 spa d
020 _a968110448X
035 _aUPN01000119537
049 _aCG
050 4 _aPQ8097 A7
_bR4.7
100 1 _aAllende, Isabel,
_d1942-
245 1 0 _aRetrato en Sepia /
_cIsabel Allende.
260 _aMéxico :
_bPlaza Janés,
_c2000.
300 _a345 p.
650 4 _aNOVELA CHILENA
_98845
650 4 _aLITERATURA CHILENA
_911995
651 4 _aCHILE -
_xHISTORIA -
_y1810-
_913427
905 _aLibro
999 _c91891
_d91891